Bilderrätsel A (schwer) - Statistiken

Allgemein
  • Dieses Quiz wurde 276 mal gespielt
  • Das Durchschnittsergebnis liegt bei 5 aus 16
Antwortstatistiken
Bildquiz Antwort % Korrekt
Aspik
62%
Anubis
57%
Absinth
56%
Altmaier
52%
Atoll
51%
Amethyst
47%
Annan
40%
Angkor Wat
39%
Affenbrotbaum
31%
Abbey Road
20%
Anchovis
17%
Andromeda
14%
Abchasien
12%
Aconcagua
9%
Amurleopard
5%
Ampfer
3%
Keine übereinstimmenden Quizze gefunden
Verteilung der Resultate
Anzahl Personen mit jedem Resultat
Perzentil nach korrekt beantworteten Fragen
Ihre Resultats-Entwicklung
Sie haben dieses Quiz noch nicht gespielt